Trouvez 63 personnages de Buffy - Statistiques

Statistiques générales
  • Ce quiz a été pris 1 352 fois
  • Le résultat moyen est 28 sur 63
Statistiques - réponses
Hint Réponse % Correct
1 Buffy
100%
3 Alex
98%
8 Angel
98%
2 Willow
98%
5 Spike
97%
4 Giles
93%
10 Cordelia
90%
7 Dawn
87%
11 Tara
86%
16 Faith
84%
6 Anya
82%
9 Joyce
82%
18 Drusilla
80%
12 Oz
79%
13 Riley
75%
14 Jonathan
68%
33 Le Maître
66%
15 Andrew
64%
25 Gloria
64%
55 Kendra
64%
41 Darla
58%
20 Harmony
58%
31 Adam
56%
21 Jenny
56%
19 Warren
56%
17 Snyder
51%
26 Kennedy
48%
30 Wesley
44%
34 Amy
41%
43 La force
40%
32 Maggie
40%
22 Ben
39%
45 Caleb
34%
48 Hank
29%
44 Parker
29%
24 Robin
29%
23 Richard
28%
50 Ethan
25%
28 Forrest
25%
37 Clement
22%
27 Graham
21%
29 Amanda
20%
49 Flutie
20%
54 Scott
20%
56 Quentin
19%
57 Olivia
18%
46 Trick
17%
58 Veruca
17%
39 Halfrek
16%
40 Le Juste des Justes
16%
38 Vi
16%
42 Larry
14%
63 Chloé
13%
61 Jesse
12%
62 Nikki
12%
35 Rona
12%
60 Cassie
11%
51 Luke
11%
53 D'Hoffryn
10%
36 Devon
9%
59 Kathy
8%
52 Rack
8%
47 Percy
5%
Aucun quiz correspondant
Distribution des résultats
% des personnes avec chaque résultat
Percentile par nombre de réponses
Votre historique - résultats
Vous n’avez pas pris ce quiz